Ella enchanted / (Record no. 628)

MARC details
000 -LEADER
fixed length control field 00893cam a2200277 a 4500
005 - DATE AND TIME OF LATEST TRANSACTION
control field 20230627104118.0
020 ## - INTERNATIONAL STANDARD BOOK NUMBER
International Standard Book Number 0060275103
020 ## - INTERNATIONAL STANDARD BOOK NUMBER
International Standard Book Number 0060275111 (lib. bdg.)
040 ## - CATALOGING SOURCE
Original cataloging agency DLC
Transcribing agency DLC
Modifying agency DLC
-- FISKH
Language of cataloging eng
050 00 - LIBRARY OF CONGRESS CALL NUMBER
Classification number PZ7.L578345
Item number El 1997
082 00 - DEWEY DECIMAL CLASSIFICATION NUMBER
Classification number [Fic]
Edition number 20
100 1# - MAIN ENTRY--PERSONAL NAME
Personal name Levine, Gail Carson.
245 10 - TITLE STATEMENT
Title Ella enchanted /
Statement of responsibility, etc. Gail Carson Levine.
250 ## - EDITION STATEMENT
Edition statement Revised edition, 2011
260 ## - PUBLICATION, DISTRIBUTION, ETC.
Place of publication, distribution, etc. New York :
Name of publisher, distributor, etc. HarperCollinsPublishers,
Date of publication, distribution, etc. 1997.
300 ## - PHYSICAL DESCRIPTION
Extent 232, 31 pages :
Dimensions 22 cm.
505 ## - FORMATTED CONTENTS NOTE
Formatted contents note M
520 ## - SUMMARY, ETC.
Summary, etc. In this novel based on the story of Cinderella, Ella struggles against the childhood curse that forces her to obey any order given to her.
521 ## - TARGET AUDIENCE NOTE
Target audience note 670 <br/>
Source Lexile
521 ## - TARGET AUDIENCE NOTE
Target audience note M <br/>
Source Raz-Plus
650 #1 - SUBJECT ADDED ENTRY--TOPICAL TERM
Topical term or geographic name entry element Fantasy.
906 ## - LOCAL DATA ELEMENT F, LDF (RLIN)
a 7
b cbc
c orignew
d 1
e ocip
f 19
g y-gencatlg
942 ## - ADDED ENTRY ELEMENTS (KOHA)
Source of classification or shelving scheme Dewey Decimal Classification
Koha item type Books
Suppress in OPAC No
999 ## -
-- 628
-- 628
Holdings
Withdrawn status Lost status Source of classification or shelving scheme Damaged status Not for loan Collection Home library Current library Shelving location Date acquired Total Checkouts Full call number Barcode Date due Date last seen Date last checked out Price effective from Koha item type
    Dewey Decimal Classification     Juvenile Fiction Footprints International School Library Network Toul Kork Campus Footprints International School Library Network Toul Kork Campus TK Primary Library Room(4th Floor), Bookcase 5&6, Shelves 33-56, Orange Books 06/27/2023 2 LEV Fic PZ7.L578345 FISTK00083 12/23/2025 12/09/2025 12/09/2025 06/27/2023 Books